[Event "Copenhagen Chess Challenge 2012"]
[Site "Ballerup"]
[Date "2012.??.??"]
[Round "1"]
[White "Haubro, Martin"]
[Black "Tikkanen, Hans"]
[Result "0-1"]
[WhiteElo "2092"]
[BlackElo "2566"]
[PlyCount "82"]
[EventDate "2012.??.??"]
[EventType "swiss"]
[EventRounds "9"]
[EventCountry "DEN"]

1. e4 e6 2. d4 d5 3. exd5 exd5 4. Bd3 Nc6 5. c3 Bd6 6. Qf3 Nf6 7. h3 Ne4 8. Ne2
f5 9. Qh5+ g6 10. Qh6 Qf6 11. O-O Be6 12. f3 Bf8 13. Qe3 Nd6 14. Nf4 Kd7 15.
Nxe6 Qxe6 16. Qxe6+ Kxe6 17. Bf4 Be7 18. Nd2 Rae8 19. Nb3 b6 20. Kf2 Kd7 21.
Rae1 Nd8 22. Re2 Ne6 23. Be5 Rhf8 24. f4 Ne4+ 25. Bxe4 fxe4 26. Ke3 g5 27. f5
Nf4 28. Bxf4 Rxf5 29. h4 gxf4+ 30. Rxf4 Rxf4 31. Kxf4 Bxh4 32. g3 Be7 33. Rh2
Rf8+ 34. Kg4 Rg8+ 35. Kh3 Bd6 36. Rg2 Rf8 37. Nc1 Rf1 38. Ne2 e3 39. a3 Ke6 40.
Kg4 h5+ 41. Kh4 Kf5 0-1

[Event "Copenhagen Chess Challenge 2012"]
[Site "Ballerup"]
[Date "2012.??.??"]
[Round "1"]
[White "Yildiz, Hasan"]
[Black "Brynell, Stellan"]
[Result "0-1"]
[WhiteElo "2032"]
[BlackElo "2489"]
[PlyCount "80"]
[EventDate "2012.??.??"]
[EventType "swiss"]
[EventRounds "9"]
[EventCountry "DEN"]

1. Nf3 Nf6 2. g3 d5 3. d3 Bg4 4. Bg2 Nbd7 5. Bg5 h6 6. Bxf6 Nxf6 7. Nbd2 e6 8.
O-O Be7 9. h3 Bf5 10. Re1 O-O 11. c3 c5 12. e4 Bh7 13. e5 Nd7 14. d4 Rc8 15.
Rc1 Nb6 16. Nf1 Qd7 17. Ne3 cxd4 18. Nxd4 Na4 19. Qd2 Nc5 20. Bf1 a6 21. Ng2 f6
22. f4 Ne4 23. Qe3 fxe5 24. fxe5 Bg5 25. Nf4 Nxg3 26. Qxg3 Bxf4 27. Qg4 Bxc1
28. Rxc1 Bf5 29. Qg3 Qf7 30. Bg2 Kh7 31. Rf1 Qg6 32. Qh4 Be4 33. Qg4 Qxg4 34.
hxg4 Bxg2 35. Kxg2 Rxf1 36. Kxf1 Rf8+ 37. Kg2 Rf4 38. Kg3 Re4 39. Nxe6 Rxe5 40.
Nd4 g5 0-1

[Event "Copenhagen Chess Challenge 2012"]
[Site "Ballerup"]
[Date "2012.??.??"]
[Round "1"]
[White "Haub, Thorsten Michael"]
[Black "Vesterli, Michael E"]
[Result "1-0"]
[WhiteElo "2476"]
[BlackElo "2030"]
[PlyCount "81"]
[EventDate "2012.??.??"]
[EventType "swiss"]
[EventRounds "9"]
[EventCountry "DEN"]

1. g3 e5 2. Bg2 d5 3. d3 c6 4. Nf3 Bd6 5. e4 Nf6 6. Qe2 Nbd7 7. Nh4 O-O 8. Nf5
Bb4+ 9. c3 Ba5 10. O-O Bb6 11. b4 Re8 12. Nd6 Re6 13. Nxc8 Rxc8 14. Nd2 a5 15.
a3 Qc7 16. c4 Bd4 17. Rb1 axb4 18. axb4 Ra8 19. exd5 cxd5 20. cxd5 Rea6 21. Nc4
Ra2 22. Qd1 b5 23. Ne3 Rc8 24. Nf5 Nb6 25. d6 Qc2 26. Qxc2 Rcxc2 27. Nxd4 exd4
28. Bg5 Ng4 29. Rbc1 Ne5 30. Bd8 Nbd7 31. Rxc2 Rxc2 32. Re1 Kf8 33. Be7+ Ke8
34. Ra1 Nb6 35. Be4 Nc8 36. Ra8 g6 37. Bf6 Ng4 38. Bxd4 Kd7 39. Bc5 f5 40. Bc6+
Kxc6 41. Rxc8+ 1-0

[Event "Copenhagen Chess Challenge 2012"]
[Site "Ballerup"]
[Date "2012.??.??"]
[Round "1"]
[White "Jorgensen, Carina Eilegaard"]
[Black "Pedersen, Nicolai Vesterbaek"]
[Result "0-1"]
[WhiteElo "2028"]
[BlackElo "2465"]
[PlyCount "58"]
[EventDate "2012.??.??"]
[EventType "swiss"]
[EventRounds "9"]
[EventCountry "DEN"]

1. d4 Nf6 2. c4 e6 3. Nf3 b6 4. g3 Ba6 5. Qc2 Bb4+ 6. Bd2 Be7 7. Bg2 c6 8. O-O
d5 9. b3 O-O 10. Re1 Nbd7 11. Ne5 Nxe5 12. dxe5 Nd7 13. f4 Rc8 14. Be3 b5 15.
c5 b4 16. a4 Qe8 17. Bh3 Bd8 18. Bf2 f6 19. e4 fxe5 20. exd5 cxd5 21. c6 Qf7
22. Qd2 Rxc6 23. Qxb4 Bb6 24. Ra2 e4 25. Na3 Ne5 26. Bf1 Nf3+ 27. Kg2 Nxe1+ 28.
Bxe1 Bxf1+ 29. Kxf1 Qh5 0-1

[Event "Copenhagen Chess Challenge 2012"]
[Site "Ballerup"]
[Date "2012.??.??"]
[Round "1"]
[White "Semcesen, Daniel"]
[Black "Olsen, Michael Richard W"]
[Result "1-0"]
[WhiteElo "2461"]
[BlackElo "2023"]
[PlyCount "89"]
[EventDate "2012.??.??"]
[EventType "swiss"]
[EventRounds "9"]
[EventCountry "DEN"]

1. d4 c6 2. c4 Qc7 3. Nc3 Nf6 4. e4 d6 5. h3 g6 6. Nf3 Bg7 7. Bg5 h6 8. Be3
Nbd7 9. Be2 g5 10. h4 g4 11. Nd2 h5 12. Qc2 Bh6 13. Bxh6 Rxh6 14. O-O-O Nf8 15.
Nb3 Bd7 16. f4 gxf3 17. gxf3 O-O-O 18. Qd2 Rh8 19. Qe3 Ng6 20. Kb1 b6 21. Rc1
Kb8 22. a4 Ka8 23. Rc2 Rb8 24. Qd2 e5 25. Rd1 Nf4 26. Bf1 Rhd8 27. Qf2 Ne8 28.
Rcd2 f5 29. Bd3 Nxd3 30. Rxd3 Nf6 31. dxe5 dxe5 32. Rd6 Ne8 33. Rh6 fxe4 34.
Nxe4 Bf5 35. Re1 Nd6 36. Qc2 Rh8 37. Rxh8 Rxh8 38. c5 Nxe4 39. fxe4 Be6 40. Nc1
Rd8 41. Rd1 Rxd1 42. Qxd1 Bg4 43. Qf1 Kb7 44. Qf6 bxc5 45. Nd3 1-0

[Event "Copenhagen Chess Challenge 2012"]
[Site "Ballerup"]
[Date "2012.??.??"]
[Round "1"]
[White "Andersen, Kim Nyvang"]
[Black "Ziska, Helgi Dam"]
[Result "0-1"]
[WhiteElo "2009"]
[BlackElo "2450"]
[PlyCount "110"]
[EventDate "2012.??.??"]
[EventType "swiss"]
[EventRounds "9"]
[EventCountry "DEN"]

1. d4 Nf6 2. c4 g6 3. Nc3 Bg7 4. e4 d6 5. f4 O-O 6. Nf3 c5 7. d5 e6 8. Be2 exd5
9. cxd5 Bg4 10. O-O Nbd7 11. Re1 Re8 12. h3 Bxf3 13. Bxf3 Qa5 14. Be3 b5 15. a3
Nb6 16. e5 Nc4 17. exf6 Nxe3 18. Rxe3 Rxe3 19. fxg7 Rae8 20. f5 a6 21. Qd2 Qd8
22. Rf1 Kxg7 23. Nd1 R3e5 24. fxg6 hxg6 25. Nf2 Qh4 26. Ng4 Re1 27. Qf2 Rxf1+
28. Kxf1 Qg5 29. Qc2 f5 30. Qc3+ Kf7 31. Nf2 a5 32. Qxa5 Qc1+ 33. Nd1 Qc4+ 34.
Kg1 Qd4+ 35. Kf1 Qc4+ 36. Kg1 Qf4 37. Qc3 b4 38. axb4 cxb4 39. Qd3 Qg3 40. Ne3
Qe1+ 41. Nf1 Qc1 42. Qd4 Re1 43. Qa7+ Kf6 44. Qd4+ Kf7 45. Qa7+ Kf6 46. Qd4+
Ke7 47. Qf2 Qc5 48. g4 Rb1 49. gxf5 gxf5 50. h4 Rxb2 51. Qe3+ Kf6 52. h5 b3 53.
Qxc5 dxc5 54. h6 Rb1 55. d6 Rxf1+ 0-1

[Event "Copenhagen Chess Challenge 2012"]
[Site "Ballerup"]
[Date "2012.??.??"]
[Round "1"]
[White "Tandrup, Michael"]
[Black "Andersen, Mads"]
[Result "0-1"]
[WhiteElo "1967"]
[BlackElo "2431"]
[PlyCount "56"]
[EventDate "2012.??.??"]
[EventType "swiss"]
[EventRounds "9"]
[EventCountry "DEN"]

1. d4 Nf6 2. Nf3 g6 3. Bf4 Bg7 4. h3 O-O 5. e3 d6 6. Be2 c5 7. c3 Be6 8. Nbd2
Qb6 9. Qc2 Rc8 10. dxc5 Qxc5 11. Nd4 Bd5 12. N4b3 Qc7 13. Bf3 e5 14. Bh2 Be6
15. O-O Nc6 16. Ne4 Nxe4 17. Bxe4 a5 18. Nd2 Qb6 19. Bxc6 Qxc6 20. e4 d5 21.
exd5 Bxd5 22. f3 b5 23. Qd1 b4 24. cxb4 axb4 25. Re1 Bxa2 26. Kh1 Qd5 27. Bg1
f5 28. Qe2 Rc2 0-1

[Event "Copenhagen Chess Challenge 2012"]
[Site "Ballerup"]
[Date "2012.??.??"]
[Round "1"]
[White "Bromann, Thorbjorn"]
[Black "Johansen, Johnny Holler"]
[Result "1-0"]
[WhiteElo "2411"]
[BlackElo "1967"]
[PlyCount "53"]
[EventDate "2012.??.??"]
[EventType "swiss"]
[EventRounds "9"]
[EventCountry "DEN"]

1. d4 Nf6 2. Nc3 d6 3. e4 g6 4. Be3 Bg7 5. f3 Nbd7 6. Qd2 e5 7. d5 O-O 8. O-O-O
Ne8 9. g4 f5 10. gxf5 gxf5 11. Bg5 Bf6 12. Nh3 f4 13. Rg1 Kh8 14. Bh6 Bg7 15.
Bxg7+ Nxg7 16. Qg2 Qe7 17. Qg5 Nf6 18. Qh4 Bd7 19. Ng5 Rae8 20. Nb5 Qd8 21. Qh6
Re7 22. Rd2 a6 23. Rdg2 Bxb5 24. Nxh7 Ng8 25. Qh4 Nf5 26. Nxf8+ Nxh4 27. Rxg8#
1-0

[Event "Copenhagen Chess Challenge 2012"]
[Site "Ballerup"]
[Date "2012.??.??"]
[Round "1"]
[White "Wilbrandt, Simon Pil"]
[Black "Svane, Rasmus"]
[Result "1-0"]
[WhiteElo "1949"]
[BlackElo "2390"]
[PlyCount "89"]
[EventDate "2012.??.??"]
[EventType "swiss"]
[EventRounds "9"]
[EventCountry "DEN"]

1. d4 d5 2. c4 e6 3. Nc3 Nf6 4. cxd5 Nxd5 5. e4 Nxc3 6. bxc3 c5 7. Nf3 cxd4 8.
cxd4 Bb4+ 9. Bd2 Bxd2+ 10. Qxd2 O-O 11. Bd3 Nc6 12. Bc2 b6 13. O-O Ba6 14. Rfe1
Rc8 15. Rac1 Qd6 16. e5 Qd7 17. Re4 Ne7 18. Rg4 Rfd8 19. h4 Nf5 20. h5 Bb7 21.
Nh4 Nxh4 22. Rxh4 h6 23. Qd3 Kf8 24. Qh7 Ke7 25. Qxg7 Rg8 26. Qf6+ Ke8 27. f3
Rc3 28. Kh2 Bxf3 29. gxf3 Qc6 30. Be4 Qc4 31. Bg6 Qe2+ 32. Kg3 Rxc1 33. Qxf7+
Kd8 34. Qxg8+ Kc7 35. Qf7+ Kb8 36. Qf8+ Rc8 37. Qd6+ Rc7 38. Rh2 Qe1+ 39. Rf2
Qc1 40. Rc2 Qg1+ 41. Rg2 Qe1+ 42. Kg4 Qe3 43. Qxe6 Qxd4+ 44. Kh3 Qe3 45. Be4
1-0

[Event "Copenhagen Chess Challenge 2012"]
[Site "Ballerup"]
[Date "2012.??.??"]
[Round "1"]
[White "Teplyi, Igor"]
[Black "Percivaldi, Martin"]
[Result "1/2-1/2"]
[WhiteElo "2388"]
[BlackElo "1938"]
[PlyCount "148"]
[EventDate "2012.??.??"]
[EventType "swiss"]
[EventRounds "9"]
[EventCountry "DEN"]

1. Nf3 Nf6 2. c4 e6 3. g3 d5 4. d4 c6 5. Bg2 Nbd7 6. Qc2 Bd6 7. O-O O-O 8. Bg5
h6 9. Bxf6 Qxf6 10. Nbd2 Qd8 11. e4 dxe4 12. Nxe4 Be7 13. Rad1 Nf6 14. Rfe1 Qc7
15. Ne5 Rd8 16. Qe2 Bd7 17. h4 Be8 18. Nc3 Bd6 19. Rd3 Bxe5 20. dxe5 Rxd3 21.
Qxd3 Rd8 22. Qe3 Nd7 23. Rd1 Nb6 24. Rxd8 Qxd8 25. Qc5 Nc8 26. Qe3 Qb6 27. Qd2
Kf8 28. Ne4 Qc7 29. Nd6 Nxd6 30. exd6 Qd8 31. c5 Bd7 32. Qc3 Kg8 33. b4 Qb8 34.
Be4 a6 35. a4 Qc8 36. Bc2 Qf8 37. Qe5 f5 38. f4 Qf6 39. Qxf6 gxf6 40. Kf2 e5
41. Ke3 e4 42. Bd1 Kf8 43. Be2 Ke8 44. Bh5+ Kd8 45. Bg6 Be6 46. Kd4 Kd7 47. Bh5
Kd8 48. Bg6 Kd7 49. Bh7 Ke8 50. Bg6+ Kd7 51. Kc3 Kd8 52. Bh5 Kd7 53. Be2 Kd8
54. Kd4 Kd7 55. Ke3 Kd8 56. Bf1 Ke8 57. Be2 Kd7 58. Bh5 Kd8 59. Bg6 Kd7 60. Kf2
Kd8 61. a5 Kd7 62. Ke3 Kd8 63. Bh7 Kd7 64. Bg6 Kd8 65. g4 fxg4 66. f5 Bd5 67.
Kf4 e3 68. Kxe3 g3 69. Bh5 g2 70. Kf2 Kd7 71. Bg4 Kd8 72. Bh3 Kd7 73. Bxg2 Bxg2
74. Kxg2 h5 1/2-1/2

[Event "Copenhagen Chess Challenge 2012"]
[Site "Ballerup"]
[Date "2012.??.??"]
[Round "1"]
[White "Ulrich, Thomas"]
[Black "Christensen, Tobias"]
[Result "1/2-1/2"]
[WhiteElo "1933"]
[BlackElo "2363"]
[PlyCount "95"]
[EventDate "2012.??.??"]
[EventType "swiss"]
[EventRounds "9"]
[EventCountry "DEN"]

1. e4 c6 2. d4 d5 3. e5 c5 4. dxc5 Nc6 5. Bb5 e6 6. Be3 Nge7 7. c3 Bd7 8. Bxc6
Nxc6 9. Bd4 Nxd4 10. cxd4 b6 11. cxb6 Qxb6 12. Qd2 Rb8 13. Nc3 Qxb2 14. Rb1
Qxb1+ 15. Nxb1 Rxb1+ 16. Ke2 Bb4 17. Qc2 Re1+ 18. Kf3 O-O 19. Qc7 Ba4 20. g3 f6
21. a3 fxe5+ 22. Kg2 Rf7 23. Qc8+ Bf8 24. Nh3 Rxh1 25. Kxh1 Bd7 26. Qb8 exd4
27. Kg2 d3 28. Qb3 d2 29. Qc2 Bxa3 30. Qxd2 Bc5 31. f4 h6 32. Ng1 Bxg1 33. Kxg1
Re7 34. Qd4 a6 35. Qa7 Kf7 36. Qxa6 Be8 37. Qd3 Rd7 38. Qd4 Kf8 39. Qc5+ Kg8
40. Qd4 Bg6 41. g4 Be4 42. Kf2 Rf7 43. Qe5 Rf6 44. h4 Kf7 45. Qc7+ Kg8 46. Qe5
Kf7 47. Qc7+ Kg8 48. Qe5 1/2-1/2

[Event "Copenhagen Chess Challenge 2012"]
[Site "Ballerup"]
[Date "2012.??.??"]
[Round "1"]
[White "Fries Nielsen, Jens Ove"]
[Black "Kokholm, Daniel"]
[Result "1-0"]
[WhiteElo "2363"]
[BlackElo "1925"]
[PlyCount "33"]
[EventDate "2012.??.??"]
[EventType "swiss"]
[EventRounds "9"]
[EventCountry "DEN"]

1. d4 Nc6 2. d5 Ne5 3. Nf3 Ng6 4. h4 h5 5. Ng5 d6 6. e4 c6 7. c4 e5 8. dxe6
fxe6 9. Nc3 Be7 10. f4 e5 11. Be2 Nf6 12. f5 Nf8 13. Be3 Qc7 14. c5 d5 15. exd5
Nxd5 16. Nxd5 cxd5 17. Bxh5+ 1-0

[Event "Copenhagen Chess Challenge 2012"]
[Site "Ballerup"]
[Date "2012.??.??"]
[Round "1"]
[White "Hansen, Rasmus Agertoft"]
[Black "Jacobsen, Bo"]
[Result "0-1"]
[WhiteElo "1923"]
[BlackElo "2337"]
[PlyCount "84"]
[EventDate "2012.??.??"]
[EventType "swiss"]
[EventRounds "9"]
[EventCountry "DEN"]

1. d4 Nf6 2. Nf3 g6 3. c4 Bg7 4. Nc3 O-O 5. e4 d6 6. Bg5 c5 7. d5 e6 8. Nd2 h6
9. Bh4 a6 10. a4 Nbd7 11. Be2 Re8 12. O-O e5 13. Ra3 Qc7 14. Qc2 Nh7 15. Bg3 h5
16. Nd1 Bh6 17. Ne3 Bf4 18. Rb1 Qd8 19. h4 Rf8 20. Ndf1 a5 21. Nh2 b6 22. Rc3
Ra7 23. Re1 Ndf6 24. b3 Re7 25. Bf3 Ree8 26. Qd1 Kh8 27. Qe2 Nd7 28. Qc2 Nhf6
29. Qe2 Rg8 30. Nhf1 Rg7 31. Nd1 Ng8 32. Nb2 Nh6 33. Nd3 Bxg3 34. fxg3 f5 35.
Ne3 Rf8 36. exf5 gxf5 37. Bxh5 Rxg3 38. Nf1 Rg7 39. Qe3 f4 40. Qf2 Nf6 41. Nxf4
Nxh5 42. Nxh5 Rxf2 0-1

[Event "Copenhagen Chess Challenge 2012"]
[Site "Ballerup"]
[Date "2012.??.??"]
[Round "1"]
[White "Westerinen, Heikki"]
[Black "Andersen, Daniel"]
[Result "1-0"]
[WhiteElo "2335"]
[BlackElo "1895"]
[PlyCount "51"]
[EventDate "2012.??.??"]
[EventType "swiss"]
[EventRounds "9"]
[EventCountry "DEN"]

1. e4 e6 2. d4 d5 3. Nd2 c5 4. exd5 Qxd5 5. Ngf3 cxd4 6. Bc4 Qd6 7. O-O Nf6 8.
Nb3 Nc6 9. Nbxd4 Nxd4 10. Qxd4 Qxd4 11. Nxd4 a6 12. Be2 e5 13. Nf3 e4 14. Nd4
Bc5 15. c3 O-O 16. Bg5 Ng4 17. Rad1 Ne5 18. Nb3 Bb6 19. Be7 Re8 20. Bc5 Bxc5
21. Nxc5 f5 22. Rd6 Nf7 23. Rb6 Nd8 24. Rd1 Ne6 25. Bc4 Kf7 26. Rdd6 1-0

[Event "Copenhagen Chess Challenge 2012"]
[Site "Ballerup"]
[Date "2012.??.??"]
[Round "1"]
[White "Philipsen, William Horup"]
[Black "Fries Nielsen, Niels Jorgen"]
[Result "0-1"]
[WhiteElo "1895"]
[BlackElo "2326"]
[PlyCount "82"]
[EventDate "2012.??.??"]
[EventType "swiss"]
[EventRounds "9"]
[EventCountry "DEN"]

1. e4 g6 2. d4 Bg7 3. c4 c5 4. d5 d6 5. Nc3 Nf6 6. f4 O-O 7. Be2 b5 8. cxb5 a6
9. b6 Qxb6 10. g4 Qb4 11. a3 Qd4 12. g5 Qxd1+ 13. Bxd1 Ne8 14. Nf3 Nd7 15. Ba4
Rb8 16. O-O Nc7 17. e5 Nb6 18. Bc6 Bf5 19. a4 Nc4 20. exd6 exd6 21. Ra2 Na5 22.
Rd1 Rb6 23. Nd2 Nxc6 24. Nc4 Rb4 25. Nxd6 Nd4 26. Nxf5 Nxf5 27. d6 Bd4+ 28.
Rxd4 cxd4 29. Ne4 Nd5 30. d7 d3 31. Nc5 Nxf4 32. Bxf4 Rxf4 33. Nxd3 Rg4+ 34.
Kf2 Rd8 35. Nc5 Rc4 36. Nxa6 Rc2+ 37. Kf3 Rxd7 38. Nb4 Rc4 39. Na6 Rd6 40. b4
Rxa6 41. b5 Raxa4 0-1

[Event "Copenhagen Chess Challenge 2012"]
[Site "Ballerup"]
[Date "2012.??.??"]
[Round "1"]
[White "Matthiesen, Martin"]
[Black "Knudsen, Jes West"]
[Result "1-0"]
[WhiteElo "2310"]
[BlackElo "1890"]
[PlyCount "51"]
[EventDate "2012.??.??"]
[EventType "swiss"]
[EventRounds "9"]
[EventCountry "DEN"]

1. d4 f5 2. Nf3 Nf6 3. g3 g6 4. Bg2 Bg7 5. O-O O-O 6. b3 Ne4 7. Bb2 d5 8. c4 e6
9. Nbd2 Nc6 10. e3 Ne7 11. Qc2 a5 12. Rac1 c6 13. Ba3 h6 14. Ne5 Kh7 15. Ndf3
g5 16. Nd3 b5 17. Nfe5 b4 18. Bb2 g4 19. a3 Rb8 20. axb4 axb4 21. Ra1 Qe8 22.
Ra7 dxc4 23. Nxc4 Nd5 24. Bxe4 fxe4 25. Nde5 Nf6 26. Nd6 1-0

[Event "Copenhagen Chess Challenge 2012"]
[Site "Ballerup"]
[Date "2012.??.??"]
[Round "1"]
[White "Petrovski, Petruli"]
[Black "Sylvan, Jacob"]
[Result "0-1"]
[WhiteElo "1879"]
[BlackElo "2310"]
[PlyCount "68"]
[EventDate "2012.??.??"]
[EventType "swiss"]
[EventRounds "9"]
[EventCountry "DEN"]

1. Nf3 g6 2. g3 Bg7 3. Bg2 e5 4. d3 Nc6 5. O-O d5 6. Nbd2 Nf6 7. e4 d4 8. Nc4
Nd7 9. a4 O-O 10. Bd2 a5 11. h4 h6 12. Qc1 Kh7 13. Nh2 Nf6 14. Qd1 Be6 15. b3
Qd7 16. f3 Nh5 17. Qe1 f5 18. f4 fxe4 19. dxe4 exf4 20. gxf4 d3 21. c3 Bh3 22.
Qe3 Bxg2 23. Kxg2 Rad8 24. Rae1 Qe7 25. Qh3 Bf6 26. f5 Rg8 27. Kh1 Bxh4 28.
fxg6+ Rxg6 29. Re3 Ng3+ 30. Rxg3 Bxg3 31. Qf5 Qh4 32. Qf7+ Rg7 33. Qf5+ Kh8 34.
Kg2 Qxh2+ 0-1

[Event "Copenhagen Chess Challenge 2012"]
[Site "Ballerup"]
[Date "2012.??.??"]
[Round "1"]
[White "Carstensen, Jacob"]
[Black "Jakobcic, Oliver"]
[Result "1-0"]
[WhiteElo "2305"]
[BlackElo "1855"]
[PlyCount "87"]
[EventDate "2012.??.??"]
[EventType "swiss"]
[EventRounds "9"]
[EventCountry "DEN"]

1. d4 d5 2. c4 c6 3. Nf3 Nf6 4. Nc3 dxc4 5. a4 Bf5 6. e3 e6 7. Bxc4 Bb4 8. O-O
Nbd7 9. Qb3 Bxc3 10. bxc3 Qb6 11. Qa3 c5 12. Be2 O-O 13. Nd2 Rfc8 14. Nc4 Qc7
15. f3 Nb6 16. Nxb6 axb6 17. e4 Bg6 18. Be3 Ra5 19. Bb5 Rca8 20. Qb2 Ne8 21. e5
Qd8 22. dxc5 bxc5 23. Rad1 Qc7 24. c4 Rxa4 25. Bxa4 Rxa4 26. Qb5 Ra8 27. Bf4
Bc2 28. Rd7 Ba4 29. Rxc7 Bxb5 30. Rxc5 Bc6 31. Rb1 g6 32. Bd2 Ng7 33. Ba5 Nf5
34. Rd1 Kg7 35. Rd3 h5 36. Bd2 Ra2 37. Bg5 Ra8 38. Rd8 Rxd8 39. Bxd8 Nd4 40.
Ra5 b5 41. cxb5 Nxb5 42. Ra6 Be8 43. Ra8 Kf8 44. Rb8 1-0

[Event "Copenhagen Chess Challenge 2012"]
[Site "Ballerup"]
[Date "2012.??.??"]
[Round "1"]
[White "Hove, Esben Kjems"]
[Black "Bendixen, Daniel"]
[Result "1-0"]
[WhiteElo "2247"]
[BlackElo "1837"]
[PlyCount "54"]
[EventDate "2012.??.??"]
[EventType "swiss"]
[EventRounds "9"]
[EventCountry "DEN"]

1. d4 Nf6 2. c4 g6 3. Nc3 Bg7 4. e4 d6 5. f3 O-O 6. Be3 e5 7. Nge2 Nc6 8. d5
Ne7 9. Qd2 a6 10. g4 Rb8 11. Ng3 c5 12. a3 Qa5 13. Rb1 Qc7 14. b4 b6 15. Bd3
Bd7 16. h4 a5 17. h5 Bxg4 18. fxg4 Nxg4 19. bxc5 bxc5 20. Rxb8 Qxb8 21. Nb5 f5
22. exf5 gxf5 23. h6 Bh8 24. Nxf5 Nxf5 25. Bxf5 Nxe3 26. Be6+ Rf7 27. Qxe3 Qd8
1-0

[Event "Copenhagen Chess Challenge 2012"]
[Site "Ballerup"]
[Date "2012.??.??"]
[Round "1"]
[White "Leosson, Atli Johann"]
[Black "Thuesen, Mogens Henrik"]
[Result "0-1"]
[WhiteElo "1715"]
[BlackElo "2242"]
[PlyCount "40"]
[EventDate "2012.??.??"]
[EventType "swiss"]
[EventRounds "9"]
[EventCountry "DEN"]

1. e4 c5 2. Nf3 Nc6 3. d4 cxd4 4. Nxd4 Nf6 5. Nxc6 bxc6 6. Bd3 e5 7. Bg5 h6 8.
Be3 Be7 9. Nd2 O-O 10. O-O d5 11. exd5 cxd5 12. f3 Qc7 13. c3 Rb8 14. Nb3 a5
15. Qc2 Be6 16. f4 Ng4 17. Qe2 Nxe3 18. Qxe3 Rxb3 19. Qxe5 Qxe5 20. fxe5 Rxb2
0-1

[Event "Copenhagen Chess Challenge 2012"]
[Site "Ballerup"]
[Date "2012.??.??"]
[Round "1"]
[White "Stojanovski, Sandi"]
[Black "Kuntz, Lene"]
[Result "1-0"]
[WhiteElo "2200"]
[BlackElo "1701"]
[PlyCount "59"]
[EventDate "2012.??.??"]
[EventType "swiss"]
[EventRounds "9"]
[EventCountry "DEN"]

1. d4 d5 2. c4 c6 3. Nf3 Nf6 4. Nc3 e6 5. Bg5 Be7 6. e3 Nbd7 7. Bd3 dxc4 8.
Bxc4 Nb6 9. Bd3 h6 10. Bh4 O-O 11. O-O Nbd5 12. Qd2 Ne4 13. Nxe4 Bxh4 14. b4
Be7 15. a3 a5 16. b5 cxb5 17. Bxb5 f5 18. Nc3 Nxc3 19. Qxc3 Bd6 20. Ne5 Qf6 21.
f4 Bxe5 22. dxe5 Qe7 23. Rfd1 Rd8 24. a4 Ra7 25. Rd6 b6 26. Rad1 Rxd6 27. Qxc8+
Rd8 28. Rxd8+ Kh7 29. Rh8+ Kg6 30. Be8+ 1-0

[Event "Copenhagen Chess Challenge 2012"]
[Site "Ballerup"]
[Date "2012.??.??"]
[Round "1"]
[White "Eriksson, Christian Altenburg"]
[Black "Jensen, Simon Stibolt"]
[Result "1-0"]
[WhiteElo "2149"]
[BlackElo "1667"]
[PlyCount "49"]
[EventDate "2012.??.??"]
[EventType "swiss"]
[EventRounds "9"]
[EventCountry "DEN"]

1. e4 e5 2. Nf3 Nc6 3. Bb5 Nf6 4. O-O Be7 5. Nc3 d6 6. d4 exd4 7. Nxd4 Bd7 8.
Re1 Nxd4 9. Qxd4 Bxb5 10. Nxb5 a6 11. Nc3 O-O 12. b3 Nd7 13. Bb2 Bf6 14. Qd5
Rb8 15. Rad1 Re8 16. f4 Nb6 17. Qh5 Be7 18. a4 Nd7 19. e5 Bf8 20. Ne4 g6 21.
Qh3 Be7 22. e6 fxe6 23. Qxe6+ Kf8 24. Qh3 Kg8 25. Qc3 1-0

[Event "Copenhagen Chess Challenge 2012"]
[Site "Ballerup"]
[Date "2012.??.??"]
[Round "1"]
[White "Kallenbach, Uffe"]
[Black "Brondt, Nicolai Kvist"]
[Result "0-1"]
[WhiteElo "1643"]
[BlackElo "2138"]
[PlyCount "156"]
[EventDate "2012.??.??"]
[EventType "swiss"]
[EventRounds "9"]
[EventCountry "DEN"]

1. d4 d5 2. Nf3 Nf6 3. c4 c6 4. Nc3 dxc4 5. e3 b5 6. a4 b4 7. Nb1 Ba6 8. Be2 e6
9. O-O c5 10. Ne5 Nbd7 11. Bxc4 Bxc4 12. Nxc4 cxd4 13. exd4 Rc8 14. b3 Nb6 15.
Ne5 Bd6 16. Qe2 O-O 17. Bb2 Nbd5 18. Nc4 Qc7 19. h3 Qc6 20. Qf3 Nf4 21. Nxd6
Qxd6 22. Nd2 N4d5 23. Nc4 Qb8 24. Rac1 Rfd8 25. Rfd1 Rc6 26. Ne5 Rxc1 27. Rxc1
Rc8 28. g4 Rxc1+ 29. Bxc1 Qc7 30. Be3 Ne8 31. Nc4 Kf8 32. Bg5 Nd6 33. Bf4 Nxf4
34. Qxf4 Ne8 35. Qe4 Nf6 36. Qe5 Qxe5 37. dxe5 Ne4 38. Kf1 Nc5 39. Nd2 Nd3 40.
Kg2 Nxe5 41. f4 Nc6 42. Kf3 Ke7 43. Ke4 Na5 44. Kd4 Kd6 45. Ne4+ Kc6 46. Nc5 h6
47. Nd3 Nxb3+ 48. Kc4 Nd2+ 49. Kxb4 f6 50. Kc3 Nf3 51. Kc4 Ng1 52. Nf2 Ne2 53.
Nd3 g5 54. fxg5 hxg5 55. Nc5 Nf4 56. Ne4 Nd5 57. Kd4 Kb6 58. Kc4 Ka5 59. Nc5
Nf4 60. Ne4 Kxa4 61. Nxf6 Nxh3 62. Ne4 Ka5 63. Kc5 a6 64. Nd6 Nf2 65. Nc4+ Ka4
66. Ne5 Kb3 67. Kb6 Kb4 68. Kxa6 Kc5 69. Nf3 Nh3 70. Kb7 Kd5 71. Kc7 e5 72. Kd7
e4 73. Ne1 e3 74. Nc2 e2 75. Ke7 Ke5 76. Kf7 Kf4 77. Kg6 Kf3 78. Kf5 Kf2 0-1

[Event "Copenhagen Chess Challenge 2012"]
[Site "Ballerup"]
[Date "2012.??.??"]
[Round "1"]
[White "Haubro, Sigfred"]
[Black "Skovle, Lars"]
[Result "1-0"]
[WhiteElo "2135"]
[BlackElo "1621"]
[PlyCount "53"]
[EventDate "2012.??.??"]
[EventType "swiss"]
[EventRounds "9"]
[EventCountry "DEN"]

1. e4 Nf6 2. Nc3 d5 3. e5 Ne4 4. d3 Nxc3 5. bxc3 c5 6. f4 Nc6 7. Nf3 Bg4 8. Be2
e6 9. O-O Be7 10. Bd2 O-O 11. Qe1 Rc8 12. Rb1 b6 13. Kh1 Qc7 14. h3 Bxf3 15.
Bxf3 d4 16. c4 Bd8 17. a3 Ne7 18. g4 Ng6 19. Be4 Bh4 20. Qe2 Qe7 21. Rg1 Rc7
22. Rbf1 f5 23. gxf5 exf5 24. Bd5+ Kh8 25. Qh5 Qe8 26. Rxg6 Qxg6 27. Qxh4 1-0

[Event "Copenhagen Chess Challenge 2012"]
[Site "Ballerup"]
[Date "2012.??.??"]
[Round "1"]
[White "Nielsen, Thomas (1994)"]
[Black "Maack, Kjartan"]
[Result "0-1"]
[WhiteElo "1616"]
[BlackElo "2133"]
[PlyCount "36"]
[EventDate "2012.??.??"]
[EventType "swiss"]
[EventRounds "9"]
[EventCountry "DEN"]

1. d4 e6 2. e3 b6 3. Be2 Bb7 4. Bf3 d5 5. c4 c6 6. cxd5 cxd5 7. Bd2 Nf6 8. Nc3
Nc6 9. Nge2 Bd6 10. Rc1 O-O 11. Ng3 Rc8 12. Be2 Re8 13. Bb5 a6 14. Bd3 e5 15.
dxe5 Nxe5 16. Bb1 d4 17. Nce2 Bxg2 18. Rg1 Nf3# 0-1

[Event "Copenhagen Chess Challenge 2012"]
[Site "Ballerup"]
[Date "2012.??.??"]
[Round "1"]
[White "Pedersen, Sven"]
[Black "Einarsson, Oskar Long"]
[Result "1-0"]
[WhiteElo "2125"]
[BlackElo "1591"]
[PlyCount "51"]
[EventDate "2012.??.??"]
[EventType "swiss"]
[EventRounds "9"]
[EventCountry "DEN"]

1. e4 c5 2. Nf3 d6 3. d4 cxd4 4. Nxd4 Nf6 5. Nc3 a6 6. Be3 e6 7. f3 b5 8. Qd2
Bb7 9. O-O-O Nfd7 10. Kb1 Nb6 11. Bg5 Qc7 12. Qf2 N8d7 13. Bd3 Rc8 14. Rhe1 Ne5
15. Bxb5+ axb5 16. Ndxb5 Qc6 17. Na7 Qc7 18. Ncb5 Qxc2+ 19. Qxc2 Rxc2 20. Kxc2
f6 21. Be3 Nbc4 22. b3 Nxe3+ 23. Rxe3 Nf7 24. Rc3 d5 25. exd5 Bxd5 26. Nc7+ 1-0